|
|
|
|
| LEADER |
00618cam a2200193 7i4500 |
| 001 |
0000128596 |
| 005 |
20170206090000.0 |
| 008 |
161218s2015 my may |
| 020 |
# |
0 |
|a 9789674114107
|
| 020 |
# |
0 |
|a 9674114106
|
| 090 |
0 |
0 |
|a TX 724 .M4
|b H3 2015
|
| 100 |
0 |
# |
|a Hanieliz,
|c Chef
|
| 245 |
1 |
0 |
|a 500 Kompilasi Resipi Chef Hanieliza
|c Chef Hanieliza.
|
| 260 |
# |
# |
|a Kuala Lumpur:
|b PTS Millenia Sdn Bhd,
|c 2015.
|
| 300 |
# |
# |
|a 304 p.:
|b col., ill.;
|c 25 cm..
|
| 590 |
# |
# |
|a Perpustakaan Sultanah Nur Zahirah
|
| 650 |
0 |
0 |
|a Cookbooks
|
| 650 |
0 |
0 |
|a Cooking, Malaysian
|
| 999 |
|
|
|a 1100098932
|b Book
|c Open Shelf
|e KOLEKSI TERBUKA
|